F1 2010 Driver Standings - Statistics

General Stats
  • This quiz has been taken 109 times
  • The average score is 18 of 27
Answer Stats
Driver Team Points % Correct
4 L Hamilton McLAREN 240
100%
3 M Webber RED BULL 242
100%
1 S Vettel RED BULL 256pts
100%
2 F Alonso FERRARI 252
99%
7 N Rosberg MERCEDES 142
98%
6 F Massa FERRARI 144
95%
5 J Button McLAREN 214
95%
9 M Schumacher MERCEDES 72
94%
14 N Hulkenberg WILLIAMS 22
75%
8 R Kubica RENAULT 136
73%
10 R Barrichello WILLIAMS 47
65%
13 V Petrov RENAULT 27
64%
12 K Kobayashi SAUBER 32
62%
25 T Glock VIRGIN 0
60%
11 A Sutil FORCE INDIA 47
59%
21 J Trulli LOTUS 0
58%
18 N Heidfeld SAUBER 6
58%
16 S Buemi TORO ROSSO 8
56%
20 H Kovalainen LOTUS 0
54%
17 P De La Rosa SAUBER 6
47%
15 V Liuzzi FORCE INDIA 21
47%
19 J Alguersuari TORO ROSSO 5
46%
23 B Senna HRT 0
41%
22 K Chandhok HRT 0
39%
24 L Di Grassi VIRGIN 0
39%
27 C Klien HRT 0
33%
26 S Yamamoto HRT 0
33%
No matching quizzes found
Score Distribution
Percent of People with Each Score
Percentile by Number Answered
Your Score History
You have not taken this quiz